000
00177 a2200097 4500
020
_a
071152007995
041
_a
eng
100
_a
Roberts, Nora
245
_a
Blue Dahlia
942
_c
BK
999
_c
861
_d
861